[Event "Wch U10 blitz"]
[Site "Batumi"]
[Date "2023.06.10"]
[Round "5"]
[White "Garbuzov, Artem"]
[Black "Obidjonov, Oriyat"]
[Result "0-1"]
[WhiteElo "1262"]
[BlackElo "1433"]
[PlyCount "120"]
[EventDate "2023.06.10"]
[EventType "swiss (blitz)"]
[EventRounds "11"]
[EventCountry "GEO"]
[SourceTitle "EXT 2024"]
[Source "ChessBase"]
[SourceDate "2023.10.10"]
[SourceVersion "1"]
[SourceVersionDate "2023.10.10"]
[SourceQuality "1"]
[WhiteTeam "Russia"]
[BlackTeam "Uzbekistan"]
[WhiteTeamCountry "RUS"]
[BlackTeamCountry "UZB"]

1. e4 c5 2. Nf3 e6 3. g3 a6 4. Bg2 d5 5. exd5 exd5 6. 0-0 Nf6 7. d3 Be7 8. Nc3 0-0 9. Bf4 Nc6 10. Ne5 Be6 11. Re1 Rc8 12. Nxc6 bxc6 13. Qd2 h6 14. Re2 Bd6 15. Rae1 Re8 16. Bxd6 Qxd6 17. Na4 d4 18. Qf4 Qf8 19. h3 Nd5 20. Bxd5 Bxd5 21. Nb6 Rxe2 22. Rxe2 Re8 23. Re5 Rxe5 24. Qxe5 Qd8 25. Nxd5 cxd5 26. Kg2 Qd7 27. Qb8+ Kh7 28. Qb6 Qc8 29. Qa7 f6 30. Qb6 Kg6 31. g4 Kf7 32. Qd6 Qb7 33. Qxc5 Qxb2 34. Qxd5+ Kg6 35. Qc4 a5 36. f4 Qc1 37. Qxd4 Qxc2+ 38. Kg3 Qxa2 39. Qd7 Qb3 40. Qf5+ Kf7 41. Qd7+ Kg8 42. f5 Qb8+ 43. Kh4 Qa8 44. d4 a4 45. Qe6+ Kh7 46. Qa2 a3 47. d5 Qa6 48. d6 Qxd6 49. Kh5 Qe7 50. Qb3 Qa7 51. Qa2 Qa4 52. Qf7 a2 53. g5 Qd1+ 54. Kh4 fxg5+ 55. Kg3 Qd6+ 56. Kf3 a1Q 57. Qg6+ Qxg6 58. fxg6+ Kxg6 59. Kg4 Qc3 60. h4 h5# 0-1

[Event "Wch U10 blitz"]
[Site "Batumi"]
[Date "2023.06.10"]
[Round "6"]
[White "Obidjonov, Oriyat"]
[Black "Zhauynbay, Alimzhan"]
[Result "1-0"]
[WhiteElo "1433"]
[BlackElo "1714"]
[PlyCount "111"]
[EventDate "2023.06.10"]
[EventType "swiss (blitz)"]
[EventRounds "11"]
[EventCountry "GEO"]
[SourceTitle "EXT 2024"]
[Source "ChessBase"]
[SourceDate "2023.10.10"]
[SourceVersion "1"]
[SourceVersionDate "2023.10.10"]
[SourceQuality "1"]
[WhiteTeam "Uzbekistan"]
[BlackTeam "Kazakhstan"]
[WhiteTeamCountry "UZB"]
[BlackTeamCountry "KAZ"]

1. e4 c5 2. Nf3 Nc6 3. d4 cxd4 4. Nxd4 g6 5. Nc3 Bg7 6. Be3 Nf6 7. Bc4 0-0 8. Bb3 Re8 9. f3 d6 10. h4 Bd7 11. Qd2 Rc8 12. 0-0-0 Ne5 13. Bh6 Nc4 14. Bxc4 Rxc4 15. Bxg7 Kxg7 16. h5 b5 17. hxg6 fxg6 18. Qh6+ Kg8 19. Nd5 e6 20. Nxf6+ Qxf6 21. Qxh7+ Kf8 22. Qxd7 Rxd4 23. Rxd4 Qxd4 24. Rd1 Qe5 25. Qxd6+ Qxd6 26. Rxd6 Ke7 27. Ra6 Ra8 28. Kd2 Kf6 29. Ke3 b4 30. c3 bxc3 31. bxc3 Rc8 32. Rxa7 Rxc3+ 33. Kf4 g5+ 34. Kg3 Rc2 35. a4 Ra2 36. a5 Ra3 37. a6 Ra5 38. Ra8 Ra2 39. a7 Ke5 40. Kh3 Ra5 41. Kg4 Ra2 42. Kh5 Ra5 43. Kxg5 Ra2 44. Kh6 Ra3 45. g4 Ra1 46. g5 Ra3 47. g6 Ra1 48. g7 Rh1+ 49. Kg6 Rg1+ 50. Kf7 Kf4 51. g8Q Rxg8 52. Rxg8 Kxf3 53. a8Q e5 54. Ke6 Kf4 55. Qa3 Kxe4 56. Rg4# 1-0

[Event "Wch U10 rapid"]
[Site "Batumi"]
[Date "2023.06.08"]
[Round "8"]
[White "Obidjonov, Oriyat"]
[Black "Banerjee, Supratit"]
[Result "1-0"]
[WhiteElo "1584"]
[BlackElo "1848"]
[PlyCount "39"]
[EventDate "2023.06.06"]
[EventType "swiss (rapid)"]
[EventRounds "11"]
[EventCountry "GEO"]
[SourceTitle "EXT 2024"]
[Source "ChessBase"]
[SourceDate "2023.10.10"]
[SourceVersion "1"]
[SourceVersionDate "2023.10.10"]
[SourceQuality "1"]
[WhiteTeam "Uzbekistan"]
[BlackTeam "Schottland"]
[WhiteTeamCountry "UZB"]
[BlackTeamCountry "SCO"]

1. e4 e6 2. d4 d5 3. e5 c5 4. c3 Nc6 5. Nf3 Qb6 6. a3 Bd7 7. b4 cxb4 8. axb4 Nge7 9. Bd3 Ng6 10. 0-0 Be7 11. Bg5 0-0 12. b5 Nd8 13. Bxg6 Bxg5 14. Bxh7+ Kxh7 15. Nxg5+ Kg6 16. Qg4 f5 17. Qh4 Nf7 18. Qh7+ Kxg5 19. f4+ Kg4 20. Qh3# 1-0

[Event "Wch U10 rapid"]
[Site "Batumi"]
[Date "2023.06.06"]
[Round "2"]
[White "Wang, Zixuan1111"]
[Black "Obidjonov, Oriyat"]
[Result "0-1"]
[WhiteElo "1256"]
[BlackElo "1584"]
[PlyCount "58"]
[EventDate "2023.06.06"]
[EventType "swiss (rapid)"]
[EventRounds "11"]
[EventCountry "GEO"]
[SourceTitle "EXT 2024"]
[Source "ChessBase"]
[SourceDate "2023.10.10"]
[SourceVersion "1"]
[SourceVersionDate "2023.10.10"]
[SourceQuality "1"]
[WhiteTeam "China"]
[BlackTeam "Uzbekistan"]
[WhiteTeamCountry "CHN"]
[BlackTeamCountry "UZB"]

1. e4 c5 2. Nf3 e6 3. d4 cxd4 4. Nxd4 a6 5. Nc3 Qc7 6. Be3 Nf6 7. f3 Nc6 8. Qd2 Be7 9. g4 Ne5 10. g5 Nh5 11. f4 Ng4 12. Nde2 Nxe3 13. Qxe3 Bc5 14. Qh3 Nxf4 15. Qg3 Bd6 16. Qf3 Nxe2 17. Qxe2 Be5 18. Qd2 0-0 19. h4 Bg3+ 20. Kd1 d5 21. exd5 exd5 22. Nxd5 Qe5 23. c4 Re8 24. Kc2 b5 25. Nb6 Bf5+ 26. Kb3 Rab8 27. Nd7 bxc4+ 28. Kxc4 Rec8+ 29. Nc5 Qxc5# 0-1